Varia

Titel: Varia
Veröffentlicht: Lublin : Państwowe Muzeum na Majdanku, [2022]-
Erscheinungsverlauf: 2022, 2 [?]- = 9 [?]-
Format: Zeitschrift, Zeitung
Sprache: Polnisch; Englisch
Schlagworte:
ISSN: 2720-4820
Kein Bild verfügbar
X
alg: 49473824
001A    $06050:16-05-22 
001B    $06050:16-05-22 $t14:51:57.000 
001D    $06050:16-05-22 
001U    $0utf8 
001X    $00 
002@    $0Abvc 
002C    $aText $btxt $2rdacontent 
002D    $aohne Hilfsmittel zu benutzen $bn $2rdamedia 
002E    $aBand $bnc $2rdacarrier 
003@    $0494738243 
003O    $01317738611 $aOCoLC 
005A    $02720-4820 
006Z    $03119303-1 
007A    $03119303-1 $aZDB 
010@    $apol $aeng 
010E    $erda 
011@    $a2022 $n[2022]- 
013D    $RPresse $RFortlaufendes Sammelwerk $#Periodicals $#Yearbooks $#Périodiques $#Annuaires $#Publicaciones periódicas $#journals $#Periodical $#Periodicals as Topic $#Zeitschrift $#Zeitschrift $#Periodikum $#Zeitschriften $74067488-5 $8Zeitschrift [Tsz] $9085189774 
018@    $0z 
021A    $aVaria 
031@    $a2022, 2 [?]- = 9 [?]- 
031N    $e2 $6 $j2022 
033A    $pLublin $nPaństwowe Muzeum na Majdanku 
044K    $qZDB $#KZ Majdanek $#obóz koncentracyjny Majdanek $74268005-0 $8Konzentrationslager Majdanek [Tb1] $9086433342 
045U    $e943 

lok: 49473824 24

exp: 49473824 24 1 #EPN
201B/01 $018-06-24 $t11:29:23.000 
201C/01 $017-05-22 
201U/01 $0utf8 
203@/01 $0120206681X 
208@/01 $a17-05-22 $bp 
209A/01 $aZsMag 1394 $f050 $hZSMAG 1394 $x00 
209E/01 $a2022,2; 2024,1 $x02 
220C/01 $aO/SK. - [ff/K:lex]=Bd.1 ff//08.04.22//Ho-Sz. - ersch. lt. lex nur online//16.11.23//Ho-Sz 
231@/01 $0 $02024 $j2022 
247C/01 $8358050-7 Marburg, Bibliothek des Herder-Instituts Marburg $9102600961
LEADER 00000cas a2200000 c 4500
001 494738243
003 DE-603
005 20220516145157.0
007 tu
008 220516c20229999xx z| p| 0 |1pol c
016 7 |2 DE-600  |a 3119303-1 
022 |a 2720-4820 
035 |a (DE-599)ZDB3119303-1 
035 |a (OCoLC)1317738611 
040 |a DE-603  |b ger  |c DE-603  |d DE-603  |e rda 
041 |a pol  |a eng 
084 |a 943  |q DE-600  |2 sdnb 
245 0 0 |a Varia 
264 3 1 |a Lublin  |b Państwowe Muzeum na Majdanku  |c [2022]- 
336 |a Text  |b txt  |2 rdacontent 
337 |a ohne Hilfsmittel zu benutzen  |b n  |2 rdamedia 
338 |a Band  |b nc  |2 rdacarrier 
362 0 |a 2022, 2 [?]- = 9 [?]- 
363 0 1 |8 1.1\x  |b 2  |i 2022 
610 1 7 |a Konzentrationslager Majdanek  |2 gnd  |0 (DE-588)4268005-0  |0 (DE-603)086433342 
655 7 |a Zeitschrift  |2 gnd-content  |0 (DE-588)4067488-5  |0 (DE-603)085189774 
924 0 |9 Mb 50  |a (DE-603)120206681X  |b DE-Mb50  |c HES  |d c  |g ZsMag 1394  |q 2022  |w ;  |q 2024  |z 2022,2; 2024,1